NBA Teams All-Time Leading Postseason Rebounder - Statistics

General Stats
  • This quiz has been taken 18 times
  • The average score is 24 of 31
Answer Stats
Team Points Player % Correct
BOS 4,104 Bill Russell
100%
DAL 1,446 Dirk Nowitzki
100%
ORL 818 Dwight Howard
100%
MIL 956 Kareem Abdul-Jabbar
100%
UTA 1,877 Karl Malone
100%
CLE 1,388 LeBron James
100%
NYK 1,413 Patrick Ewing
100%
CHI 1,366 Scottie Pippen
100%
SAS 2,859 Tim Duncan
100%
LAL 1,783 Wilt Chamberlain
100%
PHI 1,208 Wilt Chamberlain
100%
DEN 820 Nikola Jokic
94%
LAC 645 DeAndre Jordan
89%
GSW 1,391 Draymond Green
89%
MIA 898 Dwyane Wade
89%
DET 1,237 Ben Wallace
83%
NOP 169 David West
83%
HOU 1062 Hakeem Olajuwon
83%
MIN 628 Kevin Garnett
78%
WAS 1,777 Wes Unseld
78%
ATL 1,304 Bob Pettit
72%
SAC 517 Chris Webber
61%
POR 670 Clyde Drexler
61%
OKL 789 Shawn Kemp
61%
MEM 589 Zach Randolph
61%
IND 998 Dale Davis
56%
BKN 642 Jason Kidd
44%
TOR 406 Kyle Lowry
44%
PHO 706 Shawn Marion
22%
Jonas Valanciunas
11%
CHA 186 P.J. Brown
11%
No matching quizzes found
Score Distribution
Percent of People with Each Score
Percentile by Number Answered
Your Score History
You have not taken this quiz